Monetary policy and the term spread in a macro model of a small open economy

Gespeichert in:
Bibliographische Detailangaben
1. Verfasser: Kotlán, Viktor
Format: Buch
Sprache:Englisch
Veröffentlicht: Praha Czech National Bank 2002
Schriftenreihe:Working paper series 1/2002
Schlagworte:
Tags: Tag hinzufügen
Keine Tags, Fügen Sie das erste Tag hinzu!

MARC

LEADER 00000nam a2200000 4500
001 c141055
005 20221124094656.2
041 0 |a eng 
044 |a CZ 
245 1 0 |a Monetary policy and the term spread in a macro model of a small open economy  |c Viktor Kotlán 
264 1 |a Praha  |b Czech National Bank  |c 2002 
300 |a 24 s. 
490 1 |a Working paper series  |v 1/2002 
830 0 |a Working paper series  |v 1/2002 
610 2 0 |a peniaze 
610 2 0 |a politika peňažná 
610 2 0 |a hospodárstvo otvorené 
610 2 0 |a modely makroekonomické 
100 1 |a Kotlán, Viktor